000 00321nam a22001457a 4500
008 221006b ||||| |||| 00| 0 eng d
020 _a0070557950
041 _aeng
080 _24TH EDITION
_a61
082 _a61 SCH
100 _a5
101 _aMJEK
245 _aPRINCIPLES OF SURGERY
_cSHWARTZ
942 _2udc
_cBK
999 _c58392
_d58392